|
|
|
|
| LEADER |
01286nam a22003377a 4500 |
| 001 |
41431 |
| 003 |
BD-DhAAL |
| 005 |
20230614163821.0 |
| 008 |
230614r20122008enka 000 0 eng d |
| 020 |
|
|
|a 9781408106037
|
| 040 |
|
|
|a BD-DhAAL
|c BD-DhAAL
|
| 082 |
|
|
|a 822.914
|
| 100 |
1 |
|
|a Churchill, Caryl.
|9 54689
|
| 245 |
1 |
0 |
|a Top girls /
|c Caryl Churchill ; with commentary by Bill Naismith and notes by Nick Worrall.
|
| 250 |
|
|
|a Methuen Drama student edition.
|
| 260 |
|
|
|a London :
|b Methuen Drama,
|c c2008 [reissued 2012]..
|
| 300 |
|
|
|a lv, 113 pages :
|b illustrations ;
|c 19 cm.
|
| 440 |
|
3 |
|a An Open University set book
|9 54690
|
| 490 |
0 |
|
|a Methuen Drama student edition
|
| 526 |
|
|
|a ENH
|
| 541 |
|
|
|a Development Book Agency
|e 41431
|
| 650 |
|
|
|a Women
|x Social conditions
|v Drama.
|9 54691
|
| 650 |
|
|
|a Comedy.
|
| 650 |
|
|
|a English literature.
|
| 700 |
1 |
|
|a Naismith, William.
|9 54692
|
| 700 |
1 |
|
|a Worrall, Nick.
|9 54693
|
| 830 |
|
|
|a Methuen Drama student edition
|9 54694
|
| 852 |
|
|
|a Ayesha Abed Library
|c General Stacks
|
| 942 |
|
|
|2 ddc
|c BK
|
| 999 |
|
|
|c 44078
|d 44078
|
| 952 |
|
|
|0 0
|1 0
|2 ddc
|4 0
|6 822_914000000000000_CHU
|7 0
|9 73784
|a BRACUL
|b BRACUL
|c GEN
|d 2023-06-12
|e Development Book Agency
|g 1400.00
|l 2
|m 2
|o 822.914 CHU
|p 3010041431
|r 2025-09-10
|s 2025-09-01
|t 1
|v 1400.00
|w 2023-06-12
|y BK
|